00394 a2200109 4500001001000000005001700010008004100027245011400068100002400182773006100206999001700267ART_4534520260410162026.0260409a 10aProcesos de despojo y de mantener la posesión y la tenencia en el Código Civil y Comercial de la Nación1 aTessone, Alberto J.0 tTemas de derecho procesalg- Nº 2 (feb. 2018)wREV44095 c33600d33600